MARC

LEADER 00000nam0a2200000 4500
001 337602
005 20231102004951.0
035 |a (RuTPU)RU\TPU\book\364090 
090 |a 337602 
100 |a 20171109d1963 km y0rusy50 ca 
101 1 |a rus  |a ger 
102 |a RU 
105 |a a z 000zy 
200 1 |a Термический распад комплексного (сложного) удобрения  |d Termische Zersetzung Eines Volldungers  |e пер. с нем. Л. А. Матов  |f В. Кноп  |g Государственный научно-исследовательский и проектный институт азотной промышленности и продуктов органического синтеза (ГИАП) ; под ред. Г. М. Антощенко 
210 |a Москва  |c [Б. и.]  |d 1963 
215 |a 13 с.  |c ил. 
225 1 |a Перевод № 1752 
510 1 |a Termische Zersetzung Eines Volldungers  |z ger 
606 1 |a Селитра аммиачная  |x Теплоустойчивость  |2 stltpush  |3 (RuTPU)RU\TPU\subj\32187  |9 54815 
610 1 |a комплексные удобрения 
610 1 |a термический распад 
610 1 |a переводы 
610 1 |a склады 
610 1 |a устройство 
610 1 |a пожары 
610 1 |a течение 
610 1 |a техника безопасности 
675 |a 661.525  |v 4 
700 1 |a Кноп  |b В. 
702 1 |a Антощенко  |b Г. М.  |4 340 
712 0 2 |a Государственный научно-исследовательский и проектный институт азотной промышленности и продуктов органического синтеза (ГИАП)  |c (Москва)  |c (1959- )  |2 stltpush  |3 (RuTPU)RU\TPU\col\11449 
801 1 |a RU  |b 63413507  |c 20171109 
801 2 |a RU  |b 63413507  |c 20201110  |g RCR 
942 |c BK